| 000 | 00559nam a2200193Ia 4500 | ||
|---|---|---|---|
| 003 | IN-BaIIA | ||
| 008 | 211028s9999 xx 000 0 eng d | ||
| 040 | _cIIA Library | ||
| 080 |
_a523.4 _bPLA |
||
| 100 |
_aKuiper, Gerald P. _93876 |
||
| 245 | 0 |
_aPlanets and satellites _cGerald P. Kuiper |
|
| 260 |
_aChicago _bUniversity of Chicago Press _c1961 |
||
| 300 | _axx, 601p. | ||
| 490 | _aThe solar system; v. III | ||
| 650 |
_aPlanet _93877 |
||
| 650 |
_aSatellites _93328 |
||
| 650 | _aSolar system | ||
| 942 | _cBK | ||
| 999 |
_c2062 _d2062 |
||